Gum Close-Up Quiz Stats

 Plays Quiz Updated Jun 9, 2016

Challenge
Share
Tweet
Score 0/25 Timer 04:00
0 Plays Today
Gum name % Correct
Juicy Fruit
91%
Mentos
87.1%
Trident
86.3%
Bazooka
83.3%
Bubble Yum
75.8%
Five
74.7%
Doublemint
73.1%
Orbit
72.6%
Stride
70.6%
Extra
67.3%
Big League Chew
62.3%
Big Red
59.6%
Bubblicious
58%
Gum name % Correct
Dubble Bubble
54.4%
Winterfresh
51.2%
Hubba Bubba
51.2%
Dentyne
45.6%
Razzles
35.2%
Eclipse
23.6%
Fruit Stripe
18.7%
Ice Breakers
17.5%
Freedent
6%
Vibe Energy Gum
3.8%
Gorilla Gum
1.2%
Peppersmith
0.5%

You're not logged in!

Compare scores with friends on all Sporcle quizzes.
OR
Log In

You Might Also Like...

Show Comments

Extras

Top Quizzes Today


Score Distribution

Your Account Isn't Verified!

In order to create a playlist on Sporcle, you need to verify the email address you used during registration. Go to your Sporcle Settings to finish the process.

Report this User

Report this user for behavior that violates our Community Guidelines.

Details: